Les mises en scène de la visite guidée (notice n° 2197094)

détails MARC
000 -LEADER
fixed length control field 01115cam a2200133 4500500
005 - DATE AND TIME OF LATEST TRANSACTION
control field 20260405065604.0
041 ## - LANGUAGE CODE
Language code of text/sound track or separate title fre
042 ## - AUTHENTICATION CODE
Authentication code dc
100 10 - MAIN ENTRY--PERSONAL NAME
Personal name Gellereau, Michèle
Relator term author
245 00 - TITLE STATEMENT
Title Les mises en scène de la visite guidée
260 ## - PUBLICATION, DISTRIBUTION, ETC.
Name of publisher, distributor, etc. L'Harmattan,<br/>
Date of publication, distribution, etc. 2005.<br/>
520 ## - SUMMARY, ETC.
Summary, etc. Quel rôle spécifique jouent les guides pour faire vivre les lieux culturels&amp;#8239;? Quelle place prennent-ils dans un dispositif plus global d’accompagnement&amp;#8239;? Au-delà des pratiques de visite, cet ouvrage s’intéresse au rôle de la narration dans le partage des connaissances et dans le problème anthropologique et culturel de la construction des identités culturelles. Une des spécificités du récit «incarné» de la visite guidée n’est-elle pas la prise en compte du visiteur dans le discours du guide, le partage émotionnel et la rencontre dans la construction d’un «monde commun» où l’interprétation des lieux se construit à plusieurs&amp;#8239;?
856 41 - ELECTRONIC LOCATION AND ACCESS
Uniform Resource Identifier <a href="https://shs.cairn.info/les-mises-en-scene-de-la-visite-guidee--9782747580298?lang=fr&redirect-ssocas=7080">https://shs.cairn.info/les-mises-en-scene-de-la-visite-guidee--9782747580298?lang=fr&redirect-ssocas=7080</a>

Pas d'exemplaire disponible.

PLUDOC

PLUDOC est la plateforme unique et centralisée de gestion des bibliothèques physiques et numériques de Guinée administré par le CEDUST. Elle est la plus grande base de données de ressources documentaires pour les Étudiants, Enseignants chercheurs et Chercheurs de Guinée.

Adresse

627 919 101/664 919 101

25 boulevard du commerce
Kaloum, Conakry, Guinée

Réseaux sociaux

Powered by Netsen Group @ 2025